00786nam a2200241 450000100060000000300090000600500170001500800410003203500180007304000260009104100080011708200260012510000490015124500790020026000480027930000240032749000510035150400250040250500140042765000250044165000270046683000510049350497BD-RJUL 20211209075523.0160827s1961 us a b 000 0 eng d aBD-RJUL 50617 aBD-RjULbengcBD-RjUL aeng 222a516.36bTHC 1961 1 aThomas, Tracy Y.q(Tracy Yerkes),d1899-198310aConcepts from tensor analysis and differential geometry /cTracy Y. Thomas aNew York :aLondon :bAcademic Press,c1961 aV. :bill. ;c24 cm1 aMathematics in science and engineering ;vv. 1 aBibliography: p. 1150 aVol 1 --  0aCalculus of tensors. 0aGeometry, Differential 0aMathematics in science and engineering ;vv. 1